01127nam a2200289Ia 4500001001200000003000800012006001900020007001500039008004100054020001500095040002100110035002100131050002600152245012300178260005900301300001100360490004200371533015200413650001400565650002500579655002900604700002600633700001800659710001700677856012600694999001700820ebr10132662CaPaEBRm u cr cn|||||||||000815s2006 enk s 000 0 eng d z1845449363 aCaPaEBRcCaPaEBR a(OCoLC)13316418314aLB1027.47bL43 2006eb00aLearning styles in education and trainingh[electronic resource] /cguest editors Eugene Sadler-Smith and Carol Evans. aBradford, England :bEmerald Group Publishing,cc2006. a129 p.0 aEducation + training ;vv.48, no. 2/3 aElectronic reproduction.bPalo Alto, Calif. :cebrary,d2009.nAvailable via World Wide Web.nAccess may be limited to ebrary affiliated libraries. 0aTraining. 0aLearning strategies. 7aElectronic books.2local1 aSadler-Smith, Eugene.1 aEvans, Carol.2 aebrary, Inc.40uhttp://site.ebrary.com/lib/rucke/Doc?id=10132662zAn electronic book accessible through the World Wide Web; click to view c79502d79502